HRM in global scenario : (Record no. 39241)

MARC details
000 -LEADER
fixed length control field 00835nam a22002297a 4500
005 - DATE AND TIME OF LATEST TRANSACTION
control field 2010080405135.0
010 ## - LCCN (DPL NO)
LC control number ENG-98080
020 ## - INTERNATIONAL STANDARD BOOK NUMBER
International Standard Book Number 9788184501797
Terms of availability 2880.00
035 ## - SYSTEM CONTROL NUMBER
System control number EN-81613
037 ## - SOURCE OF ACQUISITION
Source of stock number/acquisition DBAD/PUB
082 ## - DEWEY DECIMAL CLASSIFICATION NUMBER
Classification number 658.3
100 ## - MAIN ENTRY--PERSONAL NAME
Personal name Bhatia,S K
245 ## - TITLE STATEMENT
Title HRM in global scenario :
Remainder of title practices and strategies for competitive success /
Statement of responsibility, etc By S K Bhatia
260 ## - PUBLICATION, DISTRIBUTION, ETC. (IMPRINT)
Place of publication, distribution, etc New Delhi
Name of publisher, distributor, etc Deep & Deep Publication
Date of publication, distribution, etc 2009
270 ## - ADDRESS
Address 2/13 Ansari Road Daryaganj
City New Delhi
Postal code 110002
300 ## - PHYSICAL DESCRIPTION
Extent xvi,557p
Dimensions 25cm(Hb)
500 ## - GENERAL NOTE
General note includes index
650 ## - SUBJECT ADDED ENTRY--TOPICAL TERM
Topical term or geographic name as entry element Employees ratingof
650 ## - SUBJECT ADDED ENTRY--TOPICAL TERM
Topical term or geographic name as entry element Personnel management
942 ## - ADDED ENTRY ELEMENTS (KOHA)
Source of classification or shelving scheme Dewey Decimal Classification
Item type English Books
Classification part 658.3
Call number suffix BHA
Holdings
Withdrawn status Lost status Not for loan Collection code Home library Current library Date acquired Source of acquisition Cost, normal purchase price Full call number Barcode Copy number Cost, replacement price Koha item type
    Not For Loan Non-fiction D.B.Act.Division D.B.Act.Division 04/08/2010 DBAD/PUB 2880.00 658.3 BHA EN-81613 1 2880.00 English Books

© Delhi Public Library
Hit Counter
free hit counter